Fr. Conceicao Rodrigues College of Engineering

Foundry sand practice (Record no. 22533)

MARC details
000 -LEADER
fixed length control field 00295nam a2200133Ia 4500
082 ## - DEWEY DECIMAL CLASSIFICATION NUMBER
Classification number 671.2
100 ## - MAIN ENTRY--PERSONAL NAME
Personal name Sanders/ C.A.
245 ## - TITLE STATEMENT
Title Foundry sand practice
260 ## - PUBLICATION, DISTRIBUTION, ETC.
Name of publisher, distributor, etc. American colloid co.
Place of publication, distribution, etc. Illinois
Date of publication, distribution, etc. 1973
300 ## - PHYSICAL DESCRIPTION
Extent 826
546 ## - LANGUAGE NOTE
Language note ENGLISH
654 ## - SUBJECT ADDED ENTRY--FACETED TOPICAL TERMS
Focus term Foundry practice
942 ## - ADDED ENTRY ELEMENTS (KOHA)
Koha item type BOOK
Holdings
Withdrawn status Lost status Damaged status Not for loan Collection Home library Current library Date acquired Source of acquisition Cost, normal purchase price Inventory number Total Checkouts Full call number Barcode Date last seen Cost, replacement price Price effective from Koha item type
        AFT Fr. Agnel's C.Rodrigues College of Engineering Fr. Agnel's C.Rodrigues College of Engineering 17/03/2023 UBS 404.00 T-50   671.2 AFT3231 17/03/2023 404.00 17/03/2023 BOOK